عرض عادي
عرض مارك
- Diagnostic Imaging
مدخل مصطلح موضوعي
001 - رقم الضبط
- حقل الضبط: 11172
003 - معرف رقم الضبط
- حقل الضبط: OSt
005 - تاريخ ووقت أخر عملية
- حقل الضبط: 20120417042332.0
008 - عناصر بيانات ثابتة الطول
- حقل تحكم ثابت الطول: 120417|||a|||||| | ||| d
040 ## - مصدر الفهرسة
- هيئة الفهرسة الأصلية: OSt
- وكالة الكتابة: OSt
150 ## - مدخل-- مصطلح تاريخي
- عنصر مدخل المصطلح الموضوعي او الاسم الجغرافي: Diagnostic Imaging
- تفريع شكلي: Problems and Exercises.
670 ## - بيانات المصدر موجوده
- الاستشهاد بالمصدر: Work cat.: (OSt)23976: Eastman, George W. 11169, Getting started in clinical radiology :, c2005.
